Central Library OPAC University of Rajshahi
Normal view MARC view

Entry Topical Term

Number of records used in: 2

001 - CONTROL NUMBER

  • control field: 4320

003 - CONTROL NUMBER IDENTIFIER

  • control field: BD-RjUL

005 - DATE AND TIME OF LATEST TRANSACTION

  • control field: 20220807112008.0

008 - FIXED-LENGTH DATA ELEMENTS

  • fixed length control field: 220807|| aca||aabn | a|a d

040 ## - CATALOGING SOURCE

  • Original cataloging agency: BD-RjUL
  • Transcribing agency: BD-RjUL

150 ## - HEADING--TOPICAL TERM

  • Topical term or geographic name entry element: Chronic Disease
  • General subdivision: epidemiology
  • General subdivision: Aged

670 ## - SOURCE DATA FOUND

  • Source citation: Work cat.: (BD-RjUL)80181: Satariano, William. 4318, Epidemiology of aging :, c2006.